[Event "FRA-chT2 East 0809"]
[Site "France"]
[Date "2009.03.14"]
[Round "8.8"]
[White "Muheim, Xavier"]
[Black "Buzy, Aime"]
[Result "0-1"]
[WhiteElo "1350"]
[BlackElo "1770"]
[PlyCount "51"]
[EventDate "2008.10.19"]
[EventType "team-tourn"]
[EventRounds "11"]
[EventCountry "FRA"]
[SourceTitle "EXT 2010"]
[Source "ChessBase"]
[SourceDate "2010.11.25"]
[SourceVersion "1"]
[SourceVersionDate "2010.11.25"]
[SourceQuality "1"]
[WhiteTeam "Mulhouse IV"]
[BlackTeam "Montrevel en Bresse"]
[WhiteTeamCountry "FRA"]
[BlackTeamCountry "FRA"]

1. e4 e6 2. d4 d5 3. exd5 exd5 4. b3 Bd6 5. c4 dxc4 6. Bxc4 Nf6 7. Nf3 0-0 8. 0-0 Bg4 9. Nbd2 c6 10. Bb2 Qc7 11. Qc2 Bh5 12. Qc3 Nbd7 13. Rfe1 Nd5 14. Bxd5 cxd5 15. Qd3 Bg6 16. Qe2 Qc2 17. Rab1 Nf6 18. Rec1 Qd3 19. Qd1 Qa6 20. Ra1 Rfe8 21. Nf1 Re2 22. Bc3 Bd3 23. Ng3 Ree8 24. Rcb1 Bxb1 25. Qxb1 Rec8 26. Bb2 0-1